[Event "SVR op"]
[Site "Nickenich"]
[Date "2015.03.28"]
[Round "2"]
[White "Suwani, Dyako"]
[Black "Lengler, Andreas"]
[Result "0-1"]
[WhiteElo "842"]
[BlackElo "1436"]
[PlyCount "36"]
[EventDate "2015.03.28"]
[EventType "swiss"]
[EventRounds "7"]
[EventCountry "GER"]
[SourceTitle "EXT 2016"]
[Source "ChessBase"]
[SourceDate "2015.10.08"]
[SourceVersion "1"]
[SourceVersionDate "2015.10.08"]
[SourceQuality "1"]

1. e4 d5 2. Nc3 d4 3. Nd5 e5 4. Nxc7+ Qxc7 5. Nf3 Nf6 6. Bd3 Nc6 7. c3 Bg4 8. h3 Bh5 9. g4 Bg6 10. cxd4 exd4 11. Qa4 Bc5 12. b3 0-0 13. Ba3 Nxe4 14. Bxc5 Nxc5 15. Qc4 Nxd3+ 16. Kf1 Rad8 17. Rd1 Qf4 18. Nh4 Qxf2# 0-1